| 000 -LEADER |
| fixed length control field |
00402 a2200157 4500 |
| 003 - CONTROL NUMBER IDENTIFIER |
| control field |
OSt |
| 005 - DATE AND TIME OF LATEST TRANSACTION |
| control field |
20240711172140.0 |
| 008 - FIXED-LENGTH DATA ELEMENTS--GENERAL INFORMATION |
| fixed length control field |
240711b ||||| |||| 00| 0 eng d |
| 020 ## - INTERNATIONAL STANDARD BOOK NUMBER |
| International Standard Book Number |
9783038603399 |
| 082 ## - DEWEY DECIMAL CLASSIFICATION NUMBER |
| Classification number |
720.92 |
| 100 ## - MAIN ENTRY--PERSONAL NAME |
| Personal name |
Stiftung Architektur Schweiz SAS (Editor) |
| 245 ## - TITLE STATEMENT |
| Title |
SAY 2023: Swiss Architecture Yearbook 2023/24 |
| 260 ## - PUBLICATION, DISTRIBUTION, ETC. (IMPRINT) |
| Name of publisher, distributor, etc |
Park Books |
| Date of publication, distribution, etc |
2024 |
| 300 ## - PHYSICAL DESCRIPTION |
| Extent |
303p; |
| 942 ## - ADDED ENTRY ELEMENTS (KOHA) |
| Source of classification or shelving scheme |
|